=LDR 00000nam 2200000 4500 =001 INLIS000000000042445 =005 20131008015233 =008 ***********************************ind** =035 ##$$a0010-101300000000367 =041 ##$$a ind =082 ##$$a 641.2 =090 ##$$a 641.2, Ell s =100 ##$$a Ella Pujiwati =245 ##$$a Sehat dengan aneka jus, Ella pujiwati; Editor, Tammi prastowo =260 ##$$a 2010 $b Jakarta =300 ##$$a Iv,60 hlm, Ilus, 24 cm =650 ##$$a MINUMAN JUS =700 ##$$a Tammi Prastowo =850 ##$$a NBPNMAT =990 ##$$a 90673/BPAP-NTB/2014